000 01490nam a22001577a 4500
999 _c519723
_d519723
008 220429b ||||| |||| 00| 0 eng d
100 _aMadee, Anna and Mushi, Andrew
_932938
245 _aUntangling blame and responsibility for service delivery and local governance performance: Testing a grounded social accountability approach in Tanzania
260 _aLocal Government Studies
300 _a47(6), Dec, 2021: p.993-1013
520 _aWe examine the gap between theory and practice in social accountability mechanisms to improve local governance performance in Tanzania. We do so through drawing on an ethnographic investigation tracing lines of blame and responsibility for service delivery, from individual citizens up to the central state incorporating a total of 340 interviews and 12 focussed group discussions. We have two keys findings: Firstly, that there is a wide divergence between formal lines of accountability and where actors direct blame for performance failure in practice. Secondly, building a collective understanding of this divergence provides an effective starting point for intervention to improve performance. Our conclusion is that dominant assumptions on social accountability interventions require significant revision in light of our findings. – Reproduced
650 _aLocal governance, Service delivery, Social accountability, Blame, Tanzania.
_930911
773 _aLocal Government Studies
906 _aLOCAL GOVERNMENT
942 _cAR